[Event "Montreal Pere Noel"]
[Site "Montreal"]
[Date "1990.12.30"]
[Round "5"]
[White "Charest, Johanne"]
[Black "Garcia, Edwin"]
[Result "1-0"]
[WhiteElo "1840"]
[BlackElo "1806"]
[PlyCount "69"]
[EventDate "1990.12.26"]
[EventType "swiss"]
[EventRounds "5"]
[EventCountry "CAN"]
[SourceTitle "EXT 2022"]
[Source "ChessBase"]
[SourceDate "2021.10.06"]
[SourceVersion "1"]
[SourceVersionDate "2021.10.06"]
[SourceQuality "1"]

1. e4 d6 2. d4 Nf6 3. Bd3 e5 4. c3 Be7 5. Be3 Ng4 6. Qe2 Nxe3 7. Qxe3 c6 8. Nf3 Bg4 9. Nbd2 b5 10. dxe5 dxe5 11. Nxe5 Be6 12. 0-0 0-0 13. Bc2 Qc7 14. Nef3 Nd7 15. Nb3 c5 16. Nbd2 c4 17. Nd4 a6 18. N2f3 Bd6 19. Rfe1 Bf4 20. Qe2 Bg4 21. h3 Bh5 22. g3 Bxf3 23. Qxf3 Be5 24. Rad1 Rad8 25. Qg4 Nf6 26. Qf5 g6 27. Qg5 h6 28. Qh4 Nh5 29. Qg4 Nf6 30. Qh4 Nh5 31. f4 Bf6 32. Qg4 Bxd4+ 33. cxd4 Rxd4 34. Rxd4 Qa7 35. Qd7 1-0